Statistics for Name foods in Spanish

Click here to take the quiz!

General Stats

  • This quiz has been taken 19 times
  • The average score is 14 of 50

Answer Stats

HintAnswer% Correct
Pizza in SpanishPizza
84%
Meat in SpanishCarne
68%
Chocolate in SpanishChocolate
68%
Lemon in SpanishLimon
68%
Apple in SpanishManzana
68%
Ice cream in SpanishHelado
63%
Eggs in SpanishHuevos
63%
Orange in SpanishNaranja
63%
Cheese in SpanishQueso
63%
Salad in SpanishEnsalada
58%
Pineapple in SpanishPina
58%
Oreos in SpanishOreos
53%
Suger in SpanishAzucar
47%
Grapes in SpanishUvas
47%
Hamburger in SpanishHamburguesa
42%
Cereal In SpanishCereal
37%
Potato in SpanishPapa
37%
Salmon in SpanishSalmon
37%
Onions in SpanishCebollas
32%
Beans in SpanishFrijoles
32%
Cookies in SpanishGalletas
32%
Taco In SpanishTacos
32%
Bacon in SpanishTocino
32%
Cake in SpanishPastel
26%
Crab in SpanishCangrejo
21%
Mushrooms in SpanishChampinones
21%
Lobster in SpanishLangosta
21%
Bananas in SpanishPlatanos
21%
Pie in SpanishTarta
16%
Meatballs in SpanishAlbondigas
11%
Cod in SpanishBacalao
11%
Gum in SpanishGoma
11%
Pea in SpanishGuisante
11%
Mac and cheese in SpanishMacarrones con queso
11%
Peanut in SpanishMani
11%
Butter in SpanishManteca
11%
Pudding in SpanishPudin
11%
Tomado in SpanishTomado
11%
Clams in SpanishAlmejas
5%
Potato skins in SpanishCascara de papas
5%
Pork in SpanishCerda
5%
Sausage in SpanishEmbutido
5%
Cupcake in SpanishMagdalena
5%
Pickles in SpanishPepinillos
5%
Goldfish in SpanishPez de colores
5%
Cheesecake in SpanishTarta de queso
5%
Peanut butter balls in SpanishBolas de mantequilla de mani
0%
Porkchop in SpanishChuleta de cedro
0%
Hashbrowns in SpanishCroquetas de patata
0%
Peanut butter in SpanishMantequilla de mani
0%

Score Distribution

Percentile by Number Answered

Percent of People with Each Score

Your Score History

You have not taken this quiz